00998 2200337 4500001002100000005001500021035002000036007000300056008004100059020002200100082001500122084001700137100002600154245007400180250002000254300003400274650002600308700002300334700003300357504003300390264004200423336002100465337003000486338002300516040002200539090002100561090002200582850001200604999002200616990002200638INLIS00000000085779320210325100234 a0010-0321000816ta210325s2019 yoia g | ind d a978-602-53759-7-204223a510.73 a510.73 SUS a0 aSusilowatiePengarang10aAsuhan keperawatan gerontik /cSusilowati, Sulidah, Donny Tri Wahyudi aCetakan: I-2019 a271 halaman :btabel ;c23 cm 4aPerawat dan perawatan0 aSulidahePengarang0 aDonny Tri WahyudiePengarang aBibliografi: halaman 267-27131aYogyakarta :bThema Publishing,c2019 2rdacontentateks 2rdamediaatanpa perantara 2rdacarrieravolume aYOPDYOGbinderda aDEP 510.73 SUS a aCB-D.11 2019-3688 aYOPDYOG aCB-D.11/2019-3688 aCB-D.11/2019-3688